|
|
|
|
| LEADER |
01891nam a2200361 a 4500 |
| 001 |
39542 |
| 003 |
BD-DhAAL |
| 008 |
220831t2009 nyu b 001 0 eng d |
| 010 |
|
|
|a 2009035852
|
| 020 |
|
|
|a 9780062312877 (pbk)
|
| 020 |
|
|
|a 9781554686087 (hbk)
|
| 020 |
|
|
|a 9780060889579
|
| 040 |
|
|
|a DLC
|c DLC
|d DLC
|d BD-DhAAL
|
| 050 |
0 |
0 |
|a HB74.P8
|b L4797 2009
|
| 082 |
0 |
0 |
|a 330
|2 23
|
| 100 |
1 |
|
|a Levitt, Steven D.
|9 51184
|
| 245 |
1 |
0 |
|a Superfreakonomics :
|b global cooling, patriotic prostitutes, and why suicide bombers should buy life insurance /
|c Steven D. Levitt & Stephen J. Dubner.
|
| 250 |
|
|
|a First edition.
|
| 260 |
|
|
|a New York :
|b William Morrow ;
|b HarperCollins Publishers,
|c c2009.
|
| 300 |
|
|
|a xvii, 297 pages,
|a xvii, 270 pages ;
|c 24 cm.
|
| 504 |
|
|
|a Includes bibliographical references and index.
|
| 505 |
0 |
|
|a How is a street prostitute like a department-store santa? -- Why should suicide bombers buy life insurance? -- Unbelievable stories about apathy and altruism -- The chlorine solution and the jellyfish fix -- What do Al Gore and Mount Pinatubo have in common? -- Epilogue : monkeys are people too.
|
| 526 |
|
|
|a BIGD
|
| 541 |
|
|
|a Book Finder International, Donated By Akbar Ali Khan
|e 39542, 41276
|
| 650 |
|
0 |
|a Economics.
|9 51185
|
| 650 |
|
0 |
|a Economics
|x Psychological aspects.
|9 51188
|
| 650 |
|
0 |
|a Economics
|x Sociological aspects.
|9 51186
|
| 700 |
1 |
|
|a Dubner, Stephen J.
|9 51187
|
| 852 |
|
|
|a Ayesha Abed Library
|c General Stacks
|
| 942 |
|
|
|2 ddc
|c BK
|
| 999 |
|
|
|c 44874
|d 44874
|
| 952 |
|
|
|0 0
|1 0
|2 ddc
|4 0
|6 330_000000000000000_LEV
|7 0
|9 71743
|a IGS
|b IGS
|c GEN
|d 2022-08-29
|e Book Finder International
|g 762.97
|l 0
|o 330 LEV
|p 3010039542
|r 2022-08-29
|t 1
|v 762.97
|w 2022-08-29
|y BK
|
| 952 |
|
|
|0 0
|1 0
|2 ddc
|4 0
|6 330_000000000000000_LEV
|7 1
|9 74112
|a BRACUL
|b BRACUL
|c AAKC
|d 2023-07-24
|e Donated By Akbar Ali Khan
|g 4018.00
|l 0
|o 330 LEV
|p 3010041276
|r 2023-07-24
|t 2
|w 2023-07-24
|y BK
|x USD 36.99
|